Resource assessment, socio- economic analysis and design of renewable hybrid system for rural electrification / (Record no. 601876)

000 -LEADER
fixed length control field 00527nam a2200157Ia 4500
008 - FIXED-LENGTH DATA ELEMENTS--GENERAL INFORMATION
fixed length control field 230907s9999||||xx |||||||||||||| ||und||
082 ## - DEWEY DECIMAL CLASSIFICATION NUMBER
Classification number 621.3121
Author Mark ABD
100 ## - MAIN ENTRY--PERSONAL NAME
Personal name Abdul Hameed Babar (00000171041)
9 (RLIN) 116497
245 #0 - TITLE STATEMENT
Title Resource assessment, socio- economic analysis and design of renewable hybrid system for rural electrification /
260 ## - PUBLICATION, DISTRIBUTION, ETC.
Place of publication, distribution, etc. USPCAS-E, NUST,
Name of publisher, distributor, etc. Islamabad :
Date of publication, distribution, etc. 2019
300 ## - PHYSICAL DESCRIPTION
Extent 73 p.
520 ## - SUMMARY, ETC.
Summary, etc. TH-197
650 ## - SUBJECT ADDED ENTRY--TOPICAL TERM
Topical term or geographic name entry element MS-EEP Thesis MS Thesis
700 ## - ADDED ENTRY--PERSONAL NAME
Personal name Dr. Parvez Akhter
9 (RLIN) 28950
942 ## - ADDED ENTRY ELEMENTS (KOHA)
Koha item type Thesis
Source of classification or shelving scheme
Holdings
Withdrawn status Lost status Source of classification or shelving scheme Damaged status Not for loan Permanent Location Current Location Date acquired Full call number Barcode Date last seen Price effective from Koha item type
          US-Pakistan Center for Advanced Studies in Energy (USPCAS-E) US-Pakistan Center for Advanced Studies in Energy (USPCAS-E) 07/08/2020 621.3121 ABD CAS-ETH0000197 09/12/2023 09/12/2023 Thesis
© 2023 Central Library, National University of Sciences and Technology. All Rights Reserved.